Union Berlin Bundesliga History - Statistiken

Allgemein
  • Dieses Quiz wurde 102 mal gespielt
    3 seit der letzten Aktualisierung
  • Das Durchschnittsergebnis liegt bei 17 aus 99
Antwortstatistiken
Fußballgott % Korrekt
Alex Kral
67%
Aljoscha Kemlein
67%
Andrej Ilic
67%
Benedict Hollerbach
67%
Christopher Trimmel
67%
Frederik Rönnow
67%
Iljas Ansah
67%
Josip Juranovic
67%
Kevin Vogt
67%
Rani Khedira
67%
Robert Andrich
67%
Tom Rothe
67%
Alexander Schwolow
33%
Andras Schäfer
33%
Brenden Aaronson
33%
Danilho Doekhi
33%
Derrick Köhn
33%
Diogo Leite
33%
Felix Kroos
33%
Grischa Prömel
33%
Janik Haberer
33%
Jerome Roussillon
33%
Jordan
33%
Kevin Behrens
33%
Leonardo Bonucci
33%
Leopold Querfeld
33%
Livan Burcu
33%
Lucas Tousart
33%
Marius Bülter
33%
Marvin Friedrich
33%
Max Kruse
33%
Oliver Burke
33%
Robin Gosens
33%
Robin Knoche
33%
Sheraldo Becker
33%
Timo Baumgartl
33%
Tymoteusz Puchacz
33%
Woo-Yeong Jeong
33%
Aissa Laidouni
0%
Akaki Gogia
0%
Andreas Luthe
0%
Andreas Voglsammer
0%
Anthony Ujah
0%
Bastian Oczipka
0%
Carl Klaus
0%
Cedric Teuchert
0%
Chris Bedia
0%
Christian Gentner
0%
Christopher Lenz
0%
David Datro Fofana
0%
David Preu
0%
Dmytro Bogdanov
0%
Dominique Heintz
0%
Florian Hübner
0%
Genki Haraguchi
0%
Ivan Prtajin
0%
Jamie Leweling
0%
Joel Pohjanpalo
0%
Joshua Mees
0%
Julian Ryerson
0%
Keita Endo
0%
Ken Reichel
0%
Keven Schlotterbeck
0%
Kevin Möhwald
0%
Kevin Volland
0%
Laszlo Benes
0%
Lennart Grill
0%
Leon Dajaku
0%
Levin Öztunali
0%
Linus Güther
0%
Loris Karius
0%
Manuel Schmiedebach
0%
Marcus Ingvartsen
0%
Marin Ljubicic
0%
Matteo Raab
0%
Michael Parensen
0%
Mikkel Kaufmann
0%
Milos Pantovic
0%
Moritz Nicolas
0%
Morten Thorsby
0%
Neven Subotic
0%
Nico Gießelmann
0%
Nico Schlotterbeck
0%
Paul Jaeckel
0%
Paul Seguin
0%
Petar Musa
0%
Rafal Gikiewicz
0%
Robert Skov
0%
Sebastian Andersson
0%
Sebastian Griesbeck
0%
Sebastian Polter
0%
Stanley Nsoki
0%
Suleiman Abdullahi
0%
Sven Michel
0%
Taiwo Awoniyi
0%
Tim Maciejewski
0%
Tim Skarke
0%
Yorbe Vertessen
0%
Yunus Malli
0%
Keine übereinstimmenden Quizze gefunden
Verteilung der Resultate
Anzahl Personen mit jedem Resultat
Perzentil nach korrekt beantworteten Fragen
Ihre Resultats-Entwicklung
Sie haben dieses Quiz seit der letzten Aktualisierung nicht gespielt